出没アド街ック天国の1位から街を当てる〜山手線編〜 - Statistics

General Stats
  • This quiz has been taken 27 times
  • The average score is 10 of 30
Answer Stats
Hint Answer % Correct
サンシャインシティ 池袋(池袋東口)
76%
赤レンガ駅舎 東京
71%
○○恩賜公園 上野
71%
韓国グルメ密集地帯 新大久保
71%
伊勢丹 ○○店 新宿(新宿三丁目)
62%
学習院 目白
57%
エプソン○○アクアスタジアム 水族館ゾーン 品川
52%
とげぬき地蔵尊 巣鴨
48%
六義園 駒込
43%
Let’sはしご酒 新橋
38%
道灌山 西日暮里
29%
雅叙園 目黒
29%
ThinkPark Tower &ゲートシティ○○ 大崎
29%
坂道だらけ 高輪(高輪 魚籃坂)
29%
○○バレー 五反田
24%
森永製菓&NEC 田町(芝)
24%
奇跡のトライアングル地帯 神田(老舗の神田)
19%
マニアックな店 秋葉原
19%
多慶屋 御徒町(仲御徒町)
19%
寺社巡り 鶯谷
19%
QFRONT 渋谷(渋谷センター街)
19%
ガード下の酒場 有楽町
19%
○○繊維街 日暮里
14%
○○銀座商店街 田端
14%
明治神宮 代々木
14%
国立代々木競技場 原宿
14%
美食の名店 恵比寿
14%
通な店 大塚
5%
○○飲み 高田馬場
5%
おいしい忘年会 浜松町
5%
No matching quizzes found
Score Distribution
Percent of People with Each Score
Percentile by Number Answered
Your Score History
You have not taken this quiz